000 01014nam a2200205 a 4500
008 120416s1983 ||||||||||||||||| || u
020 _a0434908649
050 _aHD 31 Gre
100 _aGregson, Shaun
245 1 0 _aManagement and the organisation
260 _aLondon
_bELBS/ Heinemann
_c1983
300 _avi, 282p. : ill.
350 _a0.00
650 _aORGANIZATIONS
650 0 _aMANAGEMENT
995 _aMAIN LIBRARY OPEN ACCESS
_D0.00
_e722543
_FCBU-MAIN LIBRARY (Kitwe)
_H2
_I3.50
_jHD 31 Gre
_M1
_UAVAILABLE
_y000492
_ZMain Library Open Access Collection
995 _aBINDERY (DAMAGED)
_D0.00
_e722545
_FCBU-MAIN LIBRARY (Kitwe)
_H3
_I3.50
_jHD 31 Gre
_M3
_UDAMAGED
_y020407
_ZMain Library Open Access Collection
995 _aMAIN LIBRARY OPEN ACCESS
_D0.00
_e722544
_FCBU-MAIN LIBRARY (Kitwe)
_H1
_I3.50
_jHD 31 Gre
_M4
_ULOST
_y722544
_ZMain Library Open Access Collection
995 _aBINDERY (DAMAGED)
_D0.00
_e722546
_FCBU-MAIN LIBRARY (Kitwe)
_H4
_I3.50
_jHD 31 Gre
_M2
_UDAMAGED
_y000493
_ZMain Library Open Access Collection
999 _c82411
_d82411